LEADER 03915nam 2200589 450 001 9910462879003321 005 20200903223051.0 010 $a3-03813-299-3 035 $a(CKB)2670000000345755 035 $a(EBL)1869251 035 $a(SSID)ssj0000760601 035 $a(PQKBManifestationID)11432625 035 $a(PQKBTitleCode)TC0000760601 035 $a(PQKBWorkID)10714920 035 $a(PQKB)10734093 035 $a(MiAaPQ)EBC1869251 035 $a(Au-PeEL)EBL1869251 035 $a(CaPaEBR)ebr10814182 035 $a(OCoLC)865818284 035 $a(EXLCZ)992670000000345755 100 $a20100222h20092009 uy| 0 101 0 $aeng 135 $aur|n|---||||| 181 $ctxt 182 $cc 183 $acr 200 10$aSynthesis and properties of surface coatings $eselected, peer reviewed papers from the 6th International Conference on Materials Processing for Properties and Performance (MP3-2007), 13-16 Sept. 2007, Beijing International Convention Center, China /$fedited by Huibin Xu [and three others] 210 1$aStafa-Zurich, Switzerland ;$aUK ;$aEnfield, New Hampshire :$cTrans Tech,$d[2009] 210 4$dİ2009 215 $a1 online resource (76 p.) 225 1 $aAdvanced materials research,$x1022-6680 ;$vvolume 75 300 $a"This special issue contains selected papers presented at the Symposium on Synthesis and Properties of Surface Coatings, which is part of the 6th International Conference on Materials Processing for Properties and Performance (MP3-2007)."--Pref. 311 $a0-87849-319-0 320 $aIncludes bibliographical references and indexes. 327 $aSynthesis and Properties of Surface Coatings; Preface; Committees; Table of Contents; Full-Scale Numerical Simulation of Plasma-Sprayed Functionally Gradient Materials; A Study of the Structural, Mechanical and Tribological Properties of Ti-Al-N Coatings Post-Treated by Carbon Implantation; Study on Photocatalytic Degradation of Electroless Ni-P-TiO2 Composite Coating; A Study on the Properties, Friction, Wear and Adhesion of HVOF Thermal Spray Coating of Micron Size Co-Alloy Powder 327 $aWear and Cutting Performance of Microdrills Coated Hard Film Deposited Using Closed Field Unbalanced Magnetron Sputter Ion PlatingDepletion Model of Aluminum in Bond Coat for Plasma-Sprayed Thermal Barrier Coatings; Oxidation Resistance of Multicomponent CrTiAlN Hard Coatings at Elevated Temperatures; Development of Spherical Iron-Based Composite Powder with Carried Alumina Abrasive Grains by Plasma Spray; Ceramic Coatings by Electrophoretic Deposition: Processing and Properties; Electroless Ni-Co-P Coatings on Sintered Nd-Fe-B Magnets with Improved Corrosion Resistance 327 $aStudy on the Pretreatment Process for Nickel Coating on Microspheres Effect of Silicon Sol on Anodic Oxidation Film of Titanium Alloys; Performance of TC4 Titanium Alloys Coated with Different Sol; Keywords Index; Authors Index 330 $aThis volume on the Synthesis and Properties of Surface Coatings includes presentations covering areas such as the properties and characterization of surface coatings and modifications, deposition and modification processes, plasma and ion-beam physics, industrial applications and novel processes. It offers a concise overview of these topics and will be useful to anyone entering the field. 410 0$aAdvanced materials research ;$vv. 75. 606 $aCoatings$vCongresses 608 $aElectronic books. 615 0$aCoatings 676 $a667/.9 701 $aXu$b Huibin$0932061 712 12$aInternational Conference on Materials Processing for Properties and Performance$d(6th :$f2007 :$eBeijing, China), 801 0$bMiAaPQ 801 1$bMiAaPQ 801 2$bMiAaPQ 906 $aBOOK 912 $a9910462879003321 996 $aSynthesis and properties of surface coatings$92096694 997 $aUNINA LEADER 03147oam 2200733I 450 001 9910465390103321 005 20200520144314.0 010 $a0-203-07253-7 010 $a1-299-28051-X 010 $a1-135-09998-7 024 7 $a10.4324/9780203072530 035 $a(CKB)2560000000099444 035 $a(EBL)1143816 035 $a(OCoLC)830161046 035 $a(SSID)ssj0000833401 035 $a(PQKBManifestationID)11476946 035 $a(PQKBTitleCode)TC0000833401 035 $a(PQKBWorkID)10935577 035 $a(PQKB)10957203 035 $a(OCoLC)831458011 035 $a(MiAaPQ)EBC1143816 035 $a(Au-PeEL)EBL1143816 035 $a(CaPaEBR)ebr10672688 035 $a(CaONFJC)MIL459301 035 $a(EXLCZ)992560000000099444 100 $a20180706d2013 uy 0 101 0 $aeng 135 $aur|n|---||||| 181 $ctxt 182 $cc 183 $acr 200 14$aThe hungry dragon $ehow China's resource quest is reshaping the world /$fSigfrido Burgos Caceres and Sophal Ear 205 $a1st ed. 210 1$aAbingdon, Oxon ;$aNew York, N.Y. :$cRoutledge,$d2013. 215 $a1 online resource (191 p.) 300 $aDescription based upon print version of record. 311 $a1-85743-824-8 311 $a1-85743-686-5 320 $aIncludes bibliographical references and index. 327 $aCover; The Hungry Dragon; Title Page; Copyright Page; Table of Contents; Preface; Acknowledgements; List of abbreviations; I Introduction; 1 China, energy and the world; 2 The geopolitics of China's global resources quest; II Country case studies; 3 Angola; 4 Brazil; 5 Cambodia; III Conclusion; 6 Assessing opportunities, mitigating risks; 7 From strategies to actions; Bibliography; Index 330 $aThis volume provides an up to date and accessible examination of China's global search for resources, focusing primarily on oil. This focus provides a powerful rationale to explain China's actions overseas, as it impacts on economic, energy and foreign policies.A strong feature of the book is a comprehensive examination of geopolitical issues. Three country case studies (Angola, Brazil and Cambodia) are complemented by two chapters on opportunities and risks to China, and an examination as to how strategies are developed into tangible actions. This book also examines a number of over 606 $aEnergy consumption$zChina 606 $aEnergy security$zChina 606 $aEnergy development$zChina 606 $aEnergy policy$zChina 606 $aNatural resources$zChina 607 $aChina$xForeign relations 607 $aChina$xForeign economic relations 608 $aElectronic books. 615 0$aEnergy consumption 615 0$aEnergy security 615 0$aEnergy development 615 0$aEnergy policy 615 0$aNatural resources 676 $a333.790951 700 $aBurgos Caceres$b Sigfrido.$0942844 701 $aEar$b Sophal$0942845 801 0$bMiAaPQ 801 1$bMiAaPQ 801 2$bMiAaPQ 906 $aBOOK 912 $a9910465390103321 996 $aThe hungry dragon$92127653 997 $aUNINA